| 000 | 00354nam a2200133Ia 4500 | ||
|---|---|---|---|
| 008 | 240624s9999 xx 000 0 und d | ||
| 041 | _aeng | ||
| 082 | _a658.3124 BEE | ||
| 100 | _aFRANCES | ||
| 245 | _aTRAINING NEEDS ANALYSIS AND EVALUATION | ||
| 260 |
_c1998 _aHyderabad _bUniversities Press |
||
| 300 | _axvi, : 301 : p. : cm. ; 22 | ||
| 365 |
_cRS _b25 |
||
| 999 |
_c19677 _d19677 |
||